Państwa najbogatsze ze swoich sąsiadów - Statystyki

Ogólne statystyki
  • Ten quiz został rozwiązany 81 razy
  • Średni wynik to 14 z 30
Statystyki odpowiedzi
PKB per capita Państwo % Poprawnych
62 606$ Stany Zjednoczone
94%
74 356$ Norwegia
71%
41 351$ Korea Południowa
68%
183 244$ Monako
64%
130 475$ Katar
62%
167 313$ Liechtenstein
59%
25 978$ Chile
58%
106 705$ Luksemburg
58%
69 382$ Zjednoczone Emiraty Arabskie
57%
52 121$ Dania
54%
78 785$ Irlandia
54%
60 313$ San Marino
54%
37 972$ Izrael
52%
29 123$ Grecja
51%
56 383$ Holandia
49%
67 000$ Kuwejt
48%
25 675$ Panama
48%
15 440$ Algieria
46%
18 425$ Dominikana
45%
6 027$ Nigeria
41%
79 530$ Brunei
38%
34 096$ Estonia
35%
23 274$ Urugwaj
35%
3 691$ Kenia
29%
17 965$ Botswana
28%
6 452$ Ghana
28%
3 651$ Senegal
28%
34 826$ Litwa
26%
22 710$ Gwinea Równikowa
22%
3 786$ Dżibuti
14%
Nie znaleziono quizów pasujących do podanych kryteriów
Rozkład punktacji
Procent ludzi z każdym wynikiem
Percentyl według liczby udzielonych odpowiedzi
Twoja historia wyników
Nie rozwiązałeś tego quizu